Spoločenská zodpovednosť spoločnosti Orange Slovensko, a.s diplomová práca

Guardado en:
Detalles Bibliográficos
Autor principal: Opánska, Markéta
Autor Corporativo: Obchodná fakulta EU. Katedra marketingu
Otros Autores: Folvarčíková, Lucia, 1982-
Formato: Libro
Lenguaje:eslovaco
Publicado: Bratislava 2013
Etiquetas: Agregar Etiqueta
Sin Etiquetas, Sea el primero en etiquetar este registro!

MARC

LEADER 00000nbm a2200000 4500
001 0169409
005 20161109102302.5
041 0 |a slo 
044 |a SK 
245 1 0 |a Spoločenská zodpovednosť spoločnosti Orange Slovensko, a.s  |b diplomová práca  |c Markéta Opánska ; školiteľ: Katarína Chomová 
264 1 |a Bratislava  |c 2013 
300 |a 66 s. 
100 1 |a Opánska, Markéta 
700 1 |a Folvarčíková, Lucia, 1982- 
710 2 |a Obchodná fakulta EU. Katedra marketingu